header

Atmospheric change and the North American transportation sector (Record no. 44534)

MARC details
000 -LEADER
fixed length control field 01788nam a2200361Ia 4500
082 04 - DEWEY DECIMAL CLASSIFICATION NUMBER
Classification number 551.6
245 00 - TITLE STATEMENT
Title Atmospheric change and the North American transportation sector
260 ## - PUBLICATION, DISTRIBUTION, ETC. (IMPRINT)
Place of publication Washington, D.C. :
Name of publisher National Academy of Sciences,
Year of publication 1998.
300 ## - PHYSICAL DESCRIPTION
Number of Pages viii, 25 p.
650 #0 - SUBJECT ADDED ENTRY--TOPICAL TERM
Topical Term Climatic changes.
Topical Term Transportation
Topical Term Greenhouse gases
Topical Term Transportation
856 40 - ELECTRONIC LOCATION AND ACCESS
Uniform Resource Identifier http://site.ebrary.com/lib/rucke/Doc?id=10072164

No items available.

© 2026 Rongo University
Contact us: librarian | system librarian | Rongo university